| 000 | 00615nam a22001937a 4500 | ||
|---|---|---|---|
| 999 |
_c186332 _d186332 |
||
| 005 | 20220223122944.0 | ||
| 010 | _aENG-131765 | ||
| 020 |
_a9788195391882 _c541.00 |
||
| 035 | _aEN-115297 | ||
| 037 | _bDBAD | ||
| 082 | _a519.2 | ||
| 100 | _aGoud, J. Suresh | ||
| 245 |
_aProbability and Statistics/ _cJ. Suresh Goud, P. Srilatha |
||
| 260 |
_aHyderabad _bSevenHills International Publishers _c2021 |
||
| 270 |
_a# 326/C, III floor, Surnemi Nilayam, Near B K Guda Park, S R Nagar _bHyderabad _e500038 |
||
| 300 |
_a496p. _c24cm(pbk) |
||
| 700 | _aSrilatha, P. | ||
| 942 |
_2ddc _cEN _h519.2 _mGOU |
||